| 000 | nam a22 a 4500 | ||
|---|---|---|---|
| 999 |
_c4643 _d4643 |
||
| 005 | 20170726122107.0 | ||
| 008 | 170726s2016 -uk||||| |||| 00| 0 eng d | ||
| 020 | _a9781472244444 | ||
| 040 | _aAKMAL | ||
| 082 | _a808.51 AND | ||
| 090 |
_a808.51 _bAND |
||
| 100 | 1 | 0 |
_a Anderson, Chris, _d1957 January 14- _98932 |
| 245 | 1 | 0 |
_aTED talks : _bthe official TED guide to public speaking / _cChris Anderson. |
| 260 |
_aLondon : _bHeadline, _c2016. |
||
| 300 |
_a269pages _c20cm |
||
| 500 | _aIncludes index | ||
| 599 | _aDALAM PROSES | ||
| 650 | 1 | 0 |
_aPublic speaking. _9488 |
| 942 |
_2ddc _cBOOK |
||
| 950 | _lAKMAL | ||